| 000 | 00941nam a22002777a 4500 | ||
|---|---|---|---|
| 001 | 3747 | ||
| 003 | FISKH | ||
| 005 | 20250303104248.0 | ||
| 008 | 240429b cb ||||| |||| 00| 0 eng d | ||
| 020 | _a9780545342346 | ||
| 040 |
_aFISKH _beng _cFISKH _dFISKH |
||
| 050 | _a822 | ||
| 082 | _aFic | ||
| 100 |
_aRanberg, Chuck _eauthor |
||
| 245 |
_aConfessions of a gym-class dropout / _cby Chuck Ranberg and Patric Daley |
||
| 260 |
_aNew York : _bScholastic ; _c1992 |
||
| 300 |
_a38 pages : _billustrations ; _c20 cm. |
||
| 505 | _aH | ||
| 520 | _aTravis is sick of the gym teacher making fun of him and decides to get in shape by working out. He soon realizes that there is more to getting in shape than joining a gym. | ||
| 521 | 8 |
_a440
_bLexile |
|
| 521 | 8 |
_aH
_bRaz-Plus |
|
| 650 |
_aAfrican American _vrealistic fiction |
||
| 700 |
_aDaley, Patrick _eillustrator |
||
| 942 |
_2ddc _cBK _n0 |
||
| 999 |
_c3747 _d3747 |
||